| 000 | 00476nam a22001817a 4500 | ||
|---|---|---|---|
| 003 | CEME | ||
| 005 | 20210628201914.0 | ||
| 008 | 210208b xxu||||| |||| 00| 0 eng d | ||
| 020 | _a81-203-1811-0 | ||
| 040 | _c. | ||
| 082 | _a621.3815 PAU | ||
| 100 |
_aPaul, Biswanath _957348 |
||
| 245 | _aIndustrial electronics and control | ||
| 260 |
_aNEW DLEHI _bPRENTICE HALL _c2003 |
||
| 300 | _aXX,541P | ||
| 650 |
_aINDUSTRIAL ELECTRONICS AND CONTROL _957349 |
||
| 942 |
_cBK _2ddc |
||
| 999 |
_c567639 _d567639 |
||